000 01525cam a2200133 4500500
005 20260405085513.0
041 _afre
042 _adc
100 1 0 _aMaison, Rafaëlle
_eauthor
245 0 0 _aCoupable de résistance ? : Naser Oric, défenseur de Srebrenica, devant la justice internationale
260 _bArmand Colin,
_c2010.
520 _aEn juillet 1995, les forces serbes massacrèrent plus de huit mille hommes de l’enclave de Srebrenica sans que les Nations Unies réagissent. Ce massacre est désormais connu. Ce que l’on sait moins, c’est que Naser Oric, symbole de la résistance de Srebrenica, a été poursuivi devant le Tribunal international pour l’ex-Yougoslavie. Après trois années passées dans les prisons de La Haye, il fut – heureusement – acquitté. Rafaëlle Maison décrit le procès de La Haye comme un événement stupéfiant et tragique où la thèse du « seigneur de guerre », avancée par les représentants du procureur international Carla del Ponte et fondée sur les récits mensongers des assaillants serbes, va rapidement s’effondrer. Surtout, les témoins qui se succèdent permettent de comprendre ce que fut le combat des résistants, élus par leurs communautés et accompagnés d’une population réduite à la famine par l’encerclement serbe. Donnant d’abord à entendre leur parole, le livre espère rendre un hommage à ces combattants.
856 4 1 _uhttps://shs.cairn.info/coupable-de-resistance--9782200353810?lang=fr&redirect-ssocas=7080
999 _c2198111
_d2198111